| 000 | 01124cam a2200313 a 4500 | ||
|---|---|---|---|
| 001 | 3579 | ||
| 005 | 20240321115731.0 | ||
| 020 | _a9781589522978 | ||
| 040 |
_aDLC _cDLC _dDLC _beng |
||
| 050 | 0 | 0 |
_aF3442.P776 _b2003 |
| 082 | 0 | 0 | _a985.02 |
| 100 | 1 | _aKline, Trish | |
| 245 | 1 | 0 |
_aFrancisco Pizarro / _cTrish Kline |
| 260 |
_aVero Beach,Florida : _bRourke Publishing LLC , _c2003 |
||
| 300 |
_a24 pages : _bcolor illustrations, maps ; _c20 cm . |
||
| 490 | _aDiscover the life of an explorer | ||
| 505 | _aM | ||
| 520 | _aIntroduces the life of Francisco Pizarro, the explorer who was sent to Peru by the king of Spain to conquer the Incas and claim their land and wealth for the Spanish crown. | ||
| 521 |
_a550
_bLexile |
||
| 521 |
_aM
_bRaz-Plus |
||
| 650 | 0 |
_aIncas _vJuvenile literature. |
|
| 650 | 0 |
_aExplorers _zSouth America _vBiography _vJuvenile literature. |
|
| 650 | 0 |
_aExplorers _zSpain _vBiography _vJuvenile literature. |
|
| 650 | 1 | _aIncas. | |
| 650 | 1 | _aIndians of South America. | |
| 650 | 1 | _aExplorers. | |
| 906 |
_a7 _bcbc _corignew _d1 _eocip _f20 _gy-gencatlg |
||
| 942 |
_2ddc _cBK _n0 |
||
| 999 |
_c3579 _d3579 |
||